| 000 | 00599cam a22002053a 4500 | ||
|---|---|---|---|
| 001 | 39721 | ||
| 003 | PGUSA | ||
| 005 | 20140828083902.0 | ||
| 008 | 120518s2012||||xxu|||||s|||||000 | eng d | ||
| 040 |
_aPGUSA _beng |
||
| 042 | _adc | ||
| 100 | 1 | _aHazen, Edward | |
| 245 | 1 | 0 |
_aPopular Technology, Vol. I (of 2) ; _bor, Professions and Trades _h[electronic resource] / _cEdward Hazen |
| 260 |
_bProject Gutenberg, _c2012 |
||
| 506 | _aPublic domain in the USA. | ||
| 516 | _aElectronic text | ||
| 830 | 0 |
_aProject Gutenberg _v39721 |
|
| 856 | 4 | 0 | _uhttp://www.gutenberg.org/ebooks/39721 |
| 942 | _cEB | ||
| 999 |
_c268974 _d268974 |
||